My paintings and thoughts behind them / (Record no. 143463)

MARC details
000 -LEADER
fixed length control field 00549nam a22001817a 4500
005 - DATE AND TIME OF LATEST TRANSACTION
control field 20170817115649.0
010 ## - LCCN (DPL NO)
LC control number ENG-119782
020 ## - INTERNATIONAL STANDARD BOOK NUMBER
International Standard Book Number 9788179254370
Terms of availability 150.00
035 ## - SYSTEM CONTROL NUMBER
System control number EN-103314
037 ## - SOURCE OF ACQUISITION
Source of stock number/acquisition DBAD/PUB
082 ## - DEWEY DECIMAL CLASSIFICATION NUMBER
Classification number 759.954
100 ## - MAIN ENTRY--PERSONAL NAME
Personal name Kamath, Vasudeo
245 ## - TITLE STATEMENT
Title My paintings and thoughts behind them /
Statement of responsibility, etc by Vasudeo Kamath
260 ## - PUBLICATION, DISTRIBUTION, ETC. (IMPRINT)
Place of publication, distribution, etc Pune
Name of publisher, distributor, etc Jyotsna Prakashan
Date of publication, distribution, etc 2016
270 ## - ADDRESS
Address 'Dhavalgiri' 430-31, Shaniwar Peth
City Pune
Postal code 411030
300 ## - PHYSICAL DESCRIPTION
Extent 40p. :
Dimensions 27cm(pbk)
Other physical details ill.(col.)
942 ## - ADDED ENTRY ELEMENTS (KOHA)
Source of classification or shelving scheme Dewey Decimal Classification
Item type English Books
Classification part 759.954
Call number suffix KAM
Holdings
Withdrawn status Lost status Not for loan Collection code Home library Current library Date acquired Source of acquisition Cost, normal purchase price Full call number Barcode Copy number Cost, replacement price Koha item type
    Not For Loan Non-fiction D.B.Act.Division D.B.Act.Division 17/08/2017 DBAD/PUB 150.00 759.954 KAM EN-103314 1 150.00 English Books

© Delhi Public Library
Hit Counter
free hit counter